| 000 | 00620nam a2200229Ia 4500 | ||
|---|---|---|---|
| 003 | BUBTL | ||
| 008 | 151213s9999 xx 000 0 und d | ||
| 020 | _a0-256-16601-3 | ||
| 082 | _a658.049/BAI | ||
| 100 |
_a Ball Donald A . _93811 |
||
| 245 |
_aInternational Business _cDonald A . Ball |
||
| 250 | _a4th | ||
| 260 |
_aNew York _bMcGrow Hill _cc1996 |
||
| 300 |
_a[xxv] , 773p . : _bill . ; 27cm. |
||
| 500 | _aIncludes Index | ||
| 650 |
_aBusiness _93812 |
||
| 650 |
_aBusiness _93812 |
||
| 700 |
_aDonall A . Ball _93813 |
||
| 856 |
_k0 _l0 _yDownload |
||
| 942 |
_2ddc _cBK |
||
| 999 |
_c1647 _d1647 |
||